|
|
|
|
| LEADER |
00000cam a22000004a 4500 |
| 001 |
musev2_28099 |
| 003 |
MdBmJHUP |
| 005 |
20230905042956.0 |
| 006 |
m o d |
| 007 |
cr||||||||nn|n |
| 008 |
111003s2008 dcu o 00 0 eng d |
| 020 |
|
|
|a 9781612340609
|
| 020 |
|
|
|z 1612340601
|
| 020 |
|
|
|z 9781574885712
|
| 020 |
|
|
|z 1574885715
|
| 035 |
|
|
|a (OCoLC)755583406
|
| 040 |
|
|
|a MdBmJHUP
|c MdBmJHUP
|
| 100 |
1 |
|
|a Lococo, Paul,
|d 1954-
|
| 245 |
1 |
0 |
|a Genghis Khan :
|b History's Greatest Empire Builder /
|c Paul Lococo, Jr.
|
| 250 |
|
|
|a 1st ed.
|
| 264 |
|
1 |
|a Washington, D.C. :
|b Potomac Books,
|c 2008.
|
| 264 |
|
3 |
|a Baltimore, Md. :
|b Project MUSE,
|c 2015
|
| 264 |
|
4 |
|c ©2008.
|
| 300 |
|
|
|a 1 online resource (108 pages):
|b maps, plans
|
| 336 |
|
|
|a text
|b txt
|2 rdacontent
|
| 337 |
|
|
|a computer
|b c
|2 rdamedia
|
| 338 |
|
|
|a online resource
|b cr
|2 rdacarrier
|
| 490 |
0 |
|
|a Military profiles
|
| 505 |
0 |
|
|a Mongolian background -- The early years -- Unification of Mongolia -- Mongol military system -- Assault on Xi Xia and Jin China -- Destruction of the Khwarazmian Empire -- Genghis Khan's final campaign.
|
| 520 |
8 |
|
|a Genghis Khan, the legendary Mongolian warlord was an innovative military commander who disdained customary tactics when those strategies failed to bring him victories. This is a concise study of the life of this historical military leader.
|
| 588 |
|
|
|a Description based on print version record.
|
| 600 |
1 |
7 |
|a Dschingis-Khan (Mongolenreich)
|2 swd
|
| 600 |
0 |
7 |
|a Genghis Khan,
|d 1162-1227
|2 fast
|0 (OCoLC)fst00087611
|
| 600 |
0 |
1 |
|a Genghis Khan,
|d 1162-1227.
|
| 600 |
0 |
0 |
|a Genghis Khan,
|d 1162-1227.
|
| 650 |
|
7 |
|a Mongols
|x Kings and rulers.
|2 fast
|0 (OCoLC)fst01025427
|
| 650 |
|
7 |
|a Conquerors.
|2 fast
|0 (OCoLC)fst00875388
|
| 650 |
|
7 |
|a HISTORY
|z Asia
|x General.
|2 bisacsh
|
| 650 |
|
7 |
|a BIOGRAPHY & AUTOBIOGRAPHY
|x Historical.
|2 bisacsh
|
| 650 |
|
6 |
|a Conquerants
|z Asie
|v Biographies.
|
| 650 |
|
0 |
|a Conquerors
|z Asia
|v Biography.
|
| 650 |
|
0 |
|a Mongols
|x Kings and rulers
|v Biography.
|
| 651 |
|
7 |
|a Asia.
|2 fast
|0 (OCoLC)fst01240495
|
| 655 |
|
7 |
|a Biographies.
|2 rvmgf
|
| 655 |
|
7 |
|a Biographies.
|2 lcgft
|
| 655 |
|
7 |
|a Biographies.
|2 fast
|0 (OCoLC)fst01919896
|
| 655 |
|
7 |
|a collective biographies.
|2 aat
|
| 655 |
|
7 |
|a Electronic books.
|2 local
|
| 710 |
2 |
|
|a Project Muse.
|e distributor
|
| 830 |
|
0 |
|a Book collections on Project MUSE.
|
| 856 |
4 |
0 |
|z Texto completo
|u https://projectmuse.uam.elogim.com/book/28099/
|
| 945 |
|
|
|a Project MUSE - Custom Collection
|
| 945 |
|
|
|a Project MUSE - Archive Complete Supplement III
|
| 945 |
|
|
|a Project MUSE - Archive History Supplement III
|